000 01570nam2a22003131 4500
001 rc\4124355
005 20250611001856.0
021 _aRU
_b[56-394]
021 _aRU
_b[56-396]
021 _aRU
_b[56-401]
021 _aRU
_b[56-392]
021 _aRU
_b[56-404]
021 _aRU
_b[56-388]
021 _aRU
_b[56-391]
035 _a(NLR Aleph) 007982652
090 _a8529446
_c8529446
100 _a20130415d1955 |||y0rusy50 ca
101 0 _arus
102 _aRU
105 _ay z |||||
200 1 _aХлопкоткачество, механика и энергетика
210 _aМосква
_cГизлегпром
_d1955
215 _a22 с.
461 0 _1001rc\4124350
_12001#$aПеречень рационализаторских предложений, опубликованных в литературе по обмену опытом за 1950-1954 гг.$fМ-во текстильной пром-сти СССР. Техн. упр. Отд. техн. информации$v[5]
_98529418
_aСССР. Министерство текстильной промышленности
_cМосква
_d1955
_fМ-во текстильной пром-сти СССР. Техн. упр. Отд. техн. информации
_nГизлегпром
_tПеречень рационализаторских предложений, опубликованных в литературе по обмену опытом за 1950-1954 гг.
_v[5]
801 0 _aRU
_bNLR
_gpsbo
801 1 _aRU
_bELAR
_2rusmarc
852 _aNLR
_jТ56 Г-4/1013
942 _cBOOK
980 _aNB